| 000 | 00351 a2200133 4500 | ||
|---|---|---|---|
| 001 | 91955 | ||
| 082 | _aPR 1727 | ||
| 090 |
_c43902 _d43901 |
||
| 100 | _aHassan Masood; Prof Atif Bin Mansoor, Advisor | ||
| 245 |
_aPalmprint Based Authentication System _n64 "B" EC |
||
| 260 |
_aRawalpindi _bNUST _c2008 |
||
| 300 | _a74p | ||
| 500 | _aBE Project Report | ||
| 942 |
_aCAE NUST _kPR 1727 |
||
| 999 |
_c327028 _d327028 |
||